<?xml version="1.0" encoding="UTF-8"?>
<collection xmlns="http://www.loc.gov/MARC21/slim">
 <record>
  <leader>01003pamaa2200205   4500</leader>
  <controlfield tag="001">0000031326</controlfield>
  <controlfield tag="005">20100623090000.0</controlfield>
  <controlfield tag="008">100219                             eng  </controlfield>
  <datafield tag="020" ind1="0" ind2="0">
   <subfield code="a">9781403168672 (pbk.) </subfield>
  </datafield>
  <datafield tag="090" ind1="0" ind2="0">
   <subfield code="a">BP605.S2 </subfield>
   <subfield code="b">HUB 2007</subfield>
  </datafield>
  <datafield tag="100" ind1="1" ind2="0">
   <subfield code="a">Hubbard </subfield>
  </datafield>
  <datafield tag="245" ind1="1" ind2="0">
   <subfield code="a">Dianetics : </subfield>
   <subfield code="b">the modern science of mental health : </subfield>
   <subfield code="b">the modern science of mental health : </subfield>
   <subfield code="b">Glossory  </subfield>
   <subfield code="c">L. Ron Hubbard.</subfield>
  </datafield>
  <datafield tag="260" ind1="0" ind2="0">
   <subfield code="a">Los Angeles, Calif.: </subfield>
   <subfield code="b">Golden Era Productions, </subfield>
   <subfield code="c">2007.</subfield>
  </datafield>
  <datafield tag="300" ind1=" " ind2=" ">
   <subfield code="a">167p: </subfield>
   <subfield code="b">ill.; </subfield>
   <subfield code="c">18 cm.</subfield>
  </datafield>
  <datafield tag="500" ind1="0" ind2="0">
   <subfield code="a">Includes 2 CD-ROM titled &quot;Dianetics : the modern science of mental health-Vol. 1 / L. Ron Hubbard&quot;</subfield>
  </datafield>
  <datafield tag="500" ind1="0" ind2="0">
   <subfield code="a">Provides a full description of the &quot;reactive mind&quot; and explains how to achieve the &quot;state of clear&quot;</subfield>
  </datafield>
  <datafield tag="500" ind1="0" ind2="0">
   <subfield code="a">To accompany textbook &quot;Dianetics : the modern science of mental health : Glossory / L. Ron Hubbard&quot;</subfield>
  </datafield>
  <datafield tag="500" ind1="0" ind2="0">
   <subfield code="a">To accompany textbook &quot;Dianetik : Ilmu pengetahuan modern tentang kesehatan mental / L. Ron Hubbard&quot;</subfield>
  </datafield>
  <datafield tag="650" ind1="0" ind2="0">
   <subfield code="a">Dianetics </subfield>
  </datafield>
  <datafield tag="901" ind1=" " ind2=" ">
   <subfield code="u">www.dianetics.com</subfield>
  </datafield>
 </record>
</collection>
